000
00317nam a22001337a 4500
008
170503b xxu||||| |||| 00| 0 eng d
020
_a
9780137686070
041
_a
eng
080
_2
5TH
_a
34
100
_a
14
101
_a
SHJ
245
_a
LABOR RELATIONS AND COLLECTIVE BARGAINING
_c
CARRELL, M.R
942
_2
udc
_c
BK
999
_c
12604
_d
12604